000 00827nam a2200205 i 4500
001 53610
003 ES-MaACL
005 20250809011730.0
007 t|
008 931025s1879 sp ||||1| spa d
100 1 _aFawcett, Enrique.
_949009
245 1 0 _aEl libre-cambio y la protección
_b: investigación de las causas que han retardado la adopción general de la libertad de comercio desde que se introdujo en Inglaterra /
_cpor Enrique Fawcett... ; traducido... por Gumersindo de Azcárate... y Vicente Innerárity...
260 _aMadrid :
_bVictoriano Suarez,
_c1879.
300 _a281 p. ;
_c19 cm.
650 7 _aLibre cambio
_2embne
_9136409
700 1 _aAzcárate, Gumersindo de,
_d1840-1917
_924243
700 1 _aInnerárity, Vicente.
_965326
852 _aES-MaACL
_jG-10555
999 _c53610
_d53610